000 00967cam a2200241 i 4500
003 SA-RiAUC
005 20260221113245.0
008 260203s1927 ua g 00000 ara c
040 _aSA-RiKSU
_bara
_cSA-RiAUC
_erda
082 0 4 _a253.902
090 _aم ن 253.902
_bم ح م
100 0 _aمحمد بخيت بن حسين المطيعي،
_d1271-1354 هجري
_eمؤلف.
245 1 2 _aالمحاضرة التي ألقاها محمد بخيت المطيعي في نظام الوقف /
_cمحمد بخيت المطيعي.
264 1 _aالقاهرة :
_bالمطبعة السلفية ومكتبتها،
_c[1927]
300 _a41 صفحة؛
_c29 سم.
336 _aنص
_btxt
_2rdacontent
_3كتاب
337 _aبدون وسيط
_bn
_2rdamedia
338 _aمجلد
_bnc
_2rdacarrier
650 7 _aالوقف
_2aucsh
650 7 _aالمعاملات (فقه إسلامي)
_2aucsh
942 _2ddc
_cRBOOK COPY
_n0
949 _aSA-JeALM
_d260203
_umohamedma123
_n1
999 _c14422
_d14422